000
00330nam a22001457a 4500
008
221121b ||||| |||| 00| 0 eng d
020
_a
9780205827190
041
_a
eng
080
_2
TENTH EDITION
_a
610.73
082
_a
610.73 NIC
100
_a
7
101
_a
MJK
245
_a
FAMILY THERAPY
_c
NICHOLS P.M
942
_2
udc
_c
BK
999
_c
58994
_d
58994